01040nam a22001577a 4500008004100000020001500041050001700056100001800073245005100091250000800142260003200150300002800182500002000210505061500230650003700845120201t xxu||||| |||| 00| 0 eng d a0826454070 aHD30.213.L83 aLucey, Terry  aManagement information systems /cTerry lucey  a8th aAustralia:bThomson,c1997. av, 282 p.:bill.,c24cm aIncludes index. aContents: Management information systems- an overview -- Information, data and communication -- Systems concepts- structure and elements -- Systems concepts- objectives and types -- Organisations- scientific management and the classical school -- Organisations- human relations school and the contingency approach -- Organisations- structure, information and culture -- Management- introduction and functions -- leadership, organising and coordinating -- Planning decision making -- Elements control -- Control in organisations -- Information technology and MIS -- Computer and MIS -- Influences on MIS design. aManagement information systems.